Faculty of Law Library — Cairo University

Official Online Catalog

Le Mariage Mixte Franco-Musulman / (Record no. 65686)

MARC details
000 -LEADER
fixed length control field 01148nam a2200301 i 4500
003 - CONTROL NUMBER IDENTIFIER
control field EG-GICUC
005 - DATE AND TIME OF LATEST TRANSACTION
control field 20260321163121.0
008 - FIXED-LENGTH DATA ELEMENTS--GENERAL INFORMATION
fixed length control field 260307s1955 ae ||||fr|||| 00| 0 fre d
040 ## - CATALOGING SOURCE
Original cataloging agency EG-GiCUC
Language of cataloging fre
Transcribing agency EG-GiCUC
Modifying agency EG-GiCUC
Description conventions Rda
041 ## - LANGUAGE CODE
Language code of text/sound track or separate title fre
082 04 - DEWEY DECIMAL CLASSIFICATION NUMBER
Edition number 21
Classification number 341.84
Item number RE . M
092 04 - LOCALLY ASSIGNED DEWEY CALL NUMBER (OCLC)
Edition number 21
099 ## - LOCAL FREE-TEXT CALL NUMBER (OCLC)
Classification number Law1 12 341.84 RE . M 1955
110 ## - MAIN ENTRY--CORPORATE NAME
Corporate name or jurisdiction name as entry element Revue Algérienne – Revue de la Faculté de Droit d’Alger
Relator term Auteur
245 ## - TITLE STATEMENT
Title Le Mariage Mixte Franco-Musulman /
Statement of responsibility, etc. Revue Algérienne – Revue de la Faculté de Droit d’Alger .
264 #1 - PRODUCTION, PUBLICATION, DISTRIBUTION, MANUFACTURE, AND COPYRIGHT NOTICE
Place of production, publication, distribution, manufacture Algeria :
Name of producer, publisher, distributor, manufacturer Revue Algérienne – Revue de la Faculté de Droit d’Alger ,
Date of production, publication, distribution, manufacture, or copyright notice 1955 .
300 ## - PHYSICAL DESCRIPTION
Extent 205 page ;
Dimensions 24 cm.
336 ## - CONTENT TYPE
Source rda contenu
Content type term texte
337 ## - MEDIA TYPE
Source rda medias
Media type term Ordinateur
338 ## - CARRIER TYPE
Source transporteur rda
Carrier type term Ressource en ligne
500 ## - GENERAL NOTE
General note Numéro Spécial, Annales Juridiques, Politiques, Économiques Et Sociales, 1re Année, Nos 3–4, 1955.
546 ## - LANGUAGE NOTE
Language note Texte en français
650 ## - SUBJECT ADDED ENTRY--TOPICAL TERM
Topical term or geographic name entry element Droit International Privé
650 ## - SUBJECT ADDED ENTRY--TOPICAL TERM
Topical term or geographic name entry element Conflit De Lois
856 40 - ELECTRONIC LOCATION AND ACCESS
Uniform Resource Identifier <a href="https://fll.law.cu.edu.eg/fulltext/bks/B12-02910.pdf">https://fll.law.cu.edu.eg/fulltext/bks/B12-02910.pdf</a>
905 ## - Cataloger and Reviser Names
Cataloger Name: Logain Ashraf
942 ## - ADDED ENTRY ELEMENTS (KOHA)
Source of classification or shelving scheme Dewey Decimal Classification
Suppress in OPAC No
Koha item type Books
Edition 21
Holdings
Withdrawn status Lost status Source of classification or shelving scheme Damaged status Not for loan Collection Home library Current library Date acquired Total checkouts Full call number Barcode Date last seen Copy number Price effective from Koha item type
    Dewey Decimal Classification   Not for loan القانون الدولي الخاص جــــامعة القــاهرة مكتبة كلية الحقوق - المبنى الرئيسي 07.03.2026   Law1 12 341.84 RE . M 1955 1202910 C1 B12-02910 07.03.2026 1 07.03.2026 Books

© All rights reserved — Faculty of Law, Cairo University